Statistics for Taylor swift music

Click here to take the quiz!

General Stats

  • This quiz has been taken 20 times
    (6 since last reset)
  • The average score is 78 of 119

Answer Stats

AlbumSong% Correct
With Brendon urie of Panic at the DiscoMe!
100%
1989 deluxe editionWelcome To New York
100%
Blank Space
100%
Look What You Made Me Do
100%
Out Of The Woods
100%
Shake It Off
100%
Taylor swiftTim McGraw
80%
Clean
80%
So it Goes
80%
Delicate
80%
Don't Blame Me
80%
I Did Something Bad
80%
End Game
80%
ReputationReady For It?
80%
Wildest Dreams
80%
I Know Places
80%
How You Get The Girl
80%
Getaway Car
80%
Bad Blood
80%
I Wish You Would
80%
All You Had To Do Was Stay
80%
Style
80%
We Are Never Ever Getting Back Together
80%
Gorgeous
80%
King Of My Heart
80%
Red
80%
Miss Americana and the Heartbreak Prince
80%
It's Nice to Have a Friend
80%
Afterglow
80%
You Need to Calm Down
80%
False God
80%
with the Dixie ChicksSoon You'll Get Better
80%
London Boy
80%
Death By a Thousand Cuts
80%
Cornelia Street
80%
Paper Rings
80%
I Think He Knows
80%
Dancing With Our Hands Tied
80%
The Archer
80%
The Man
80%
Lover
80%
Cruel Summer
80%
LoverI Forgot That You Existed
80%
New Year's Day
80%
Call It what You Want
80%
This Is Why We Can't Have Nice Things
80%
Dress
80%
22
80%
Daylight
80%
Never Grow Up
80%
Hey Stephen
80%
Ours
80%
Mean
80%
You Belong With Me
80%
Back To December
80%
Speak Now ( Deluxe Package)Mine
80%
Love Story
80%
Fifteen
80%
Fearless ( platium tracks icluded)Fearless
80%
Our Song
80%
Teardrops on My Guitar
80%
You Are In LOve
60%
New Romantics
60%
From the original Motion Picture One ChanceSweeter Than Fiction
60%
Dear John
60%
Speak Now
60%
Wonderland
60%
RedState Of Grace
60%
Sparks Fly
60%
Superstar
60%
Come In With the Rain
60%
Change
60%
The Way I Loved You
60%
Breathe
60%
White Horse
60%
Should've Said No
60%
Jump Then Fall
60%
Holy Ground
60%
Sad Beautiful Tragic
60%
Picture to Burn
60%
Stay Stay Stay
60%
Superman
60%
The Story Of Us
60%
All Too Well
60%
I Knew You Were Trouble
60%
Starlight
60%
Begin Again
60%
The Moment I Knew
60%
Treacherous
60%
Come Back... Be Here
60%
Girl At Home
60%
If This Was A Movie
60%
Long Live
60%
Last Kiss
60%
Haunted
60%
Innocent
60%
Better Than Revenge
60%
Enchanted
60%
Tied Together With a Smile
40%
Stay Beautiful
40%
The Outside
40%
I Almost Do
40%
Forever & Always
40%
The Best Day
40%
Tell Me Why
40%
You're Not Sorry
40%
The Lucky One
40%
A Place in This World
40%
Untouchable
40%
Forever & Always ( Piano Version)
40%
Cold as You
40%
The Last Time ( Feat. Gary Lightbody)
20%
Back To December Acoustic
20%
Mary's Song ( Oh My My My)
20%
Everything Has Changed Feat. Ed Sheeran
20%
Haunted Acoustic
20%
This Love
0%
The Otherside of the Door
0%
Fifty Shades DarkerI Don't Wanna Live Forever Feat. Zayn Malik
0%

Score Distribution

Percentile by Number Answered

Percent of People with Each Score

Your Score History

You have not taken this quiz since the last reset